Philosophical problems of science: study aid

Bibliografiske detaljer
Hovedforfatter: Kornienko A. A. Alla Alexandrovna
Institution som forfatter: Национальный исследовательский Томский политехнический университет Школа базовой инженерной подготовки
Andre forfattere: Skakovskaya N. V. Natalia Vyacheslavovna, Kornienko M. A. Mikhail Alexandrovich
Summary:Заглавие с титульного экрана
Электронная версия печатной публикации
The textbook consists of four sections and aims to promote the understanding of current philosophical views concerning fundamental aspects of the history and methodology of science. The study aid is developed for all master's degree of the TPU.
Режим доступа: из корпоративной сети ТПУ
Sprog:engelsk
Udgivet: Tomsk, TPU Publishing House, 2021
Fag:
Online adgang:https://www.lib.tpu.ru/fulltext2/m/2021/m16.pdf
Format: MixedMaterials Electronisk Bog
KOHA link:https://koha.lib.tpu.ru/cgi-bin/koha/opac-detail.pl?biblionumber=345958

MARC

LEADER 00000nlm0a2200000 4500
001 345958
005 20240214111621.0
035 |a (RuTPU)RU\TPU\book\377814 
035 |a RU\TPU\book\377813 
090 |a 345958 
100 |a 20210421d2021 m y0rusy50 ca 
101 0 |a eng 
102 |a RU 
105 |a a j 001zy 
135 |a drgn ---uucaa 
200 1 |a Philosophical problems of science  |e study aid  |d Философские проблемы науки  |f A. A. Kornienko, N. V. Skakovskaya, M. A. Kornienko 
210 |a Tomsk  |c TPU Publishing House  |d 2021 
300 |a Заглавие с титульного экрана 
300 |a Электронная версия печатной публикации 
330 |a The textbook consists of four sections and aims to promote the understanding of current philosophical views concerning fundamental aspects of the history and methodology of science. The study aid is developed for all master's degree of the TPU. 
333 |a Режим доступа: из корпоративной сети ТПУ 
452 1 |0 (RuTPU)RU\TPU\book\377961  |y 978-5-4387-0954-1  |t Philosophical problems of science  |l Философские проблемы науки  |o study aid  |f A. A. Kornienko, N. V. Skakovskaya, M. A. Kornienko  |g Tomsk Polytechnic University  |c Tomsk  |n Tomsk Polytechnic University Publishing House  |d 2021  |p 99 p.  |a Kornienko, Alla Alexandrovna 
510 1 |a Философские проблемы науки  |z rus 
606 1 |a Наука  |x Философские проблемы  |x Методология  |x Логика  |2 stltpush  |3 (RuTPU)RU\TPU\subj\45081  |9 64343 
610 1 |a электронный ресурс 
610 1 |a труды учёных ТПУ 
610 1 |a учебные пособия 
610 1 |a английский язык 
610 1 |a профессиональная лексика 
610 1 |a научное познание 
610 1 |a научное творчество 
686 |a Ю25я73  |2 rubbk 
700 1 |a Kornienko  |b A. A.  |c D. Sc.  |c Professor of the TPU  |f 1941-  |g Alla Alexandrovna  |3 (RuTPU)RU\TPU\pers\27763  |9 12824 
701 1 |a Skakovskaya  |b N. V.  |c philosopher  |c Associate Professor of Tomsk Polytechnic University, Candidate of Philosophical Sciences  |f 1980-  |g Natalia Vyacheslavovna  |3 (RuTPU)RU\TPU\pers\46841  |9 22463 
701 1 |a Kornienko  |b M. A.  |g Mikhail Alexandrovich 
712 0 2 |a Национальный исследовательский Томский политехнический университет  |b Школа базовой инженерной подготовки  |c (2017- )  |3 (RuTPU)RU\TPU\col\23509 
801 1 |a RU  |b 63413507  |c 20110421 
801 2 |a RU  |b 63413507  |c 20210709  |g RCR 
856 4 |u https://www.lib.tpu.ru/fulltext2/m/2021/m16.pdf 
942 |c CF